[Event "Augsburg Afro op"]
[Site "Augsburg"]
[Date "2003.08.09"]
[Round "5"]
[White "Giss, Helene"]
[Black "Pankratz, Andreas"]
[Result "1/2-1/2"]
[WhiteElo "1587"]
[BlackElo "1749"]
[PlyCount "47"]
[EventDate "2003.08.06"]
[EventType "swiss"]
[EventRounds "7"]
[EventCountry "GER"]
[SourceTitle "EXT 2006"]
[Source "ChessBase"]
[SourceDate "2005.11.24"]
[SourceVersion "1"]
[SourceVersionDate "2005.11.24"]
[SourceQuality "1"]

1. e4 c5 2. Nc3 e6 3. g3 b6 4. Bg2 Bb7 5. d3 d6 6. f4 Nd7 7. Nf3 a6 8. 0-0 Qc7 9. Be3 Ngf6 10. Nd2 Be7 11. Qe2 0-0 12. a3 b5 13. Nd1 Rac8 14. b3 Rfe8 15. c3 Qb8 16. Nf2 Bd8 17. Ng4 Bc7 18. Rfc1 Nxg4 19. Qxg4 Nf6 20. Qe2 Qa8 21. Rc2 c4 22. bxc4 bxc4 23. Nxc4 d5 24. e5 1/2-1/2

[Event "Saarlouis op 6th"]
[Site "Saarlouis"]
[Date "2003.06.01"]
[Round "7"]
[White "Sosnowski, Thomas"]
[Black "Pankratz, Andreas"]
[Result "1/2-1/2"]
[WhiteElo "1813"]
[BlackElo "1200"]
[PlyCount "69"]
[EventDate "2003.05.??"]
[EventType "swiss"]
[EventRounds "7"]
[EventCountry "GER"]
[SourceTitle "EXT 2006"]
[Source "ChessBase"]
[SourceDate "2005.11.24"]
[SourceVersion "1"]
[SourceVersionDate "2005.11.24"]
[SourceQuality "1"]

1. e4 c5 2. Nf3 e6 3. d4 cxd4 4. Nxd4 a6 5. Be2 Qc7 6. 0-0 d6 7. c4 Nf6 8. Nc3 Nbd7 9. b3 b6 10. Bf3 Bb7 11. Re1 Be7 12. Ba3 Ne5 13. Rc1 0-0 14. Re3 Rac8 15. Be2 Rfd8 16. Qf1 Neg4 17. Bxg4 Nxg4 18. Rg3 Nf6 19. Qe1 Nd7 20. Rd1 Ne5 21. Qe3 Bf6 22. f4 Ng6 23. f5 exf5 24. exf5 Ne5 25. Ne4 Bxe4 26. Qxe4 Nc6 27. Nxc6 Qxc6 28. Qxc6 Rxc6 29. Rgd3 Be5 30. Kf2 g6 31. Kf3 gxf5 32. Bc1 f6 33. Bh6 Kf7 34. Kf2 Ke6 35. g3 1/2-1/2

[Event "Saarlouis op 2nd"]
[Site "Saarlouis"]
[Date "1999.06.01"]
[Round "5"]
[White "Pankratz, Andreas"]
[Black "Engel, Frank"]
[Result "0-1"]
[WhiteElo "1821"]
[BlackElo "1790"]
[PlyCount "32"]
[EventDate "1999.05.??"]
[EventType "swiss"]
[EventRounds "9"]
[EventCountry "GER"]
[SourceTitle "EXT 2006"]
[Source "ChessBase"]
[SourceDate "2005.11.24"]
[SourceVersion "1"]
[SourceVersionDate "2005.11.24"]
[SourceQuality "1"]

1. e4 c5 2. Nf3 Nc6 3. d4 cxd4 4. c3 d3 5. Bxd3 d6 6. 0-0 Nf6 7. Bg5 h6 8. Bxf6 gxf6 9. Nh4 Rg8 10. Nf5 e6 11. Nd4 Nxd4 12. cxd4 Qb6 13. b3 e5 14. d5 Bh3 15. Qe2 Bxg2 16. Bb5+ Kd8 0-1